000 00538nam a2200193Ia 4500
003 OSt
005 20240405103657.0
008 210210b xxu||||| |||| 00| 0 eng d
040 _cAL
041 _aKannada
082 _a856/121
100 _aSHIVARAMA KARANTA
_993599
_d ಶಿವರಾಮ ಕಾರಂತ
245 _aBalaprapancha 3
_bಬಾಲ ಪ್ರಪಂಚ ೩
260 _aBengaLUru
_bSatyashodhana Prakatana Mandira
440 _a3
_993600
690 _aKannada Miscellaneous
_993601
906 _a020369
942 _2ddc
_cBK
999 _c144518
_d144518